Normal view
MARC view
Entry Personal Name
001 - CONTROL NUMBER
- control field: 1184742
003 - CONTROL NUMBER IDENTIFIER
- control field: OSt
005 - DATE AND TIME OF LATEST TRANSACTION
- control field: 20260324131233.0
008 - FIXED-LENGTH DATA ELEMENTS
- fixed length control field: 260324|| aca||aabn | a|a d
040 ## - CATALOGING SOURCE
- Original cataloging agency: OSt
- Transcribing agency: OSt
100 ## - HEADING--PERSONAL NAME
- Personal name: Richard K Caputo; Suzanne Steinmetz; Gary W Peterson
670 ## - SOURCE DATA FOUND
- Source citation: Work cat.: (OSt)1781716: Richard K Caputo; Suzanne Steinmetz; Gary W Peterson, Challenges of Aging on U.S. Families
